Beyond dispute (Record no. 71450)
[ view plain ]
| 000 -LEADER | |
|---|---|
| fixed length control field | 01131cam a2200253 4500 |
| 001 - CONTROL NUMBER | |
| control field | ABS66077 |
| 008 - FIXED-LENGTH DATA ELEMENTS--GENERAL INFORMATION | |
| fixed length control field | 021025n2002 000 0 eng u |
| 035 ## - SYSTEM CONTROL NUMBER | |
| System control number | (Sirsi) u120266 |
| 100 ## - MAIN ENTRY--PERSONAL NAME | |
| Personal name | Myers, A. |
| 245 ## - TITLE STATEMENT | |
| Title | Beyond dispute |
| 260 ## - PUBLICATION, DISTRIBUTION, ETC. | |
| Date of publication, distribution, etc. | 2002 |
| 490 ## - SERIES STATEMENT | |
| Series statement | Estates Gazette |
| Volume/sequential designation | (0236) 7 September 2002, 142-144(3) |
| 520 ## - SUMMARY, ETC. | |
| Summary, etc. | Looks at the area of pre-action protocols that were introduced in the Civil Procedure Rules. These set out, through guidelines, the procedure that parties to a dispute should usually adopt before commencing court proceedings. Now in its final form, the Property Litigation Association (PLA) publication "Pre-action protocol for terminal dilapidations claims for damages" offers relevant guidance that this article explores. PLA's draft can be found at http://www.pla.org.uk/dilapidation.htm |
| 590 ## - LOCAL NOTE (RLIN) | |
| Local note | ABS |
| 650 ## - SUBJECT ADDED ENTRY--TOPICAL TERM | |
| Topical term or geographic name entry element | PRE-ACTION PROTOCOLS |
| 650 ## - SUBJECT ADDED ENTRY--TOPICAL TERM | |
| Topical term or geographic name entry element | CIVIL PROCEDURE RULES |
| 650 ## - SUBJECT ADDED ENTRY--TOPICAL TERM | |
| Topical term or geographic name entry element | WOOLF REFORMS |
| 650 ## - SUBJECT ADDED ENTRY--TOPICAL TERM | |
| Topical term or geographic name entry element | RICS |
| 650 ## - SUBJECT ADDED ENTRY--TOPICAL TERM | |
| Topical term or geographic name entry element | GUIDANCE |
| 650 ## - SUBJECT ADDED ENTRY--TOPICAL TERM | |
| Topical term or geographic name entry element | DILAPIDATIONS DISPUTES |
| 650 ## - SUBJECT ADDED ENTRY--TOPICAL TERM | |
| Topical term or geographic name entry element | LANDLORD AND TENANT ACT 1927 S18(1) |
| 690 ## - LOCAL SUBJECT ADDED ENTRY--TOPICAL TERM (OCLC, RLIN) | |
| Topical term or geographic name as entry element | Dilapidations |
| 9 (RLIN) | 6235 |
| 942 ## - ADDED ENTRY ELEMENTS (KOHA) | |
| Suppress in OPAC | 0 |
| Withdrawn status | Lost status | Source of classification or shelving scheme | Damaged status | Not for loan | Home library | Current library | Shelving location | Date acquired | Total Checkouts | Full call number | Barcode | Date last seen | Copy number | Price effective from | Koha item type |
|---|---|---|---|---|---|---|---|---|---|---|---|---|---|---|---|
| Dewey Decimal Classification | London | London | Journal article | 25/10/2002 | ABS66077 | 120266-1001 | 06/08/2019 | 1 | 06/08/2019 | Journal article |